Statystyki dla Wszystkie utwory z albumu Sentino - ,,Megalomania"

Kliknij tutaj aby rozwiązać quiz!

Ogólne statystyki

  • Ten quiz został rozwiązany 37 razy
  • Średni wynik to 9 z 12

Statystyki odpowiedzi

Nr.Nazwa% Poprawnych
2.Lato
97%
1.Azrael
94%
12.Trójkąt Bermudzki
88%
3.HGH
85%
6.Megalomania
85%
8.Hieny
76%
9.AMEX
74%
4.Światła Neon
74%
11.Triumf
68%
7.Reinkarnacja
62%
5.NASA
59%
10.Yeah
56%

Rozkład punktacji

Percentyl według liczby udzielonych odpowiedzi

Procent ludzi z każdym wynikiem

Twoja historia wyników

Nie rozwiązałeś tego quizu